| 000 | 00513nam a22001697a 4500 | ||
|---|---|---|---|
| 999 |
_c41684 _d41684 |
||
| 003 | OSt | ||
| 005 | 20221103132639.0 | ||
| 008 | 221102b ||||| |||| 00| 0 eng d | ||
| 020 | _a9789385998164 | ||
| 040 | _coclc | ||
| 082 |
_a589.90133 _bRUS/B |
||
| 100 |
_99213 _a Rustagi, Monika |
||
| 245 |
_aBacterial Metabolism / _cMonika Rustagi |
||
| 260 |
_aBengaluru: _bScientific international publisher, _c2016 |
||
| 300 | _a281pages | ||
| 942 |
_2ddc _cBK _h589.90133 _iRUS/B _k589.90133 _mRUS/B |
||